000
00289nam a2200121Ia 4500
005
20251222143314.0
008
251222s9999||||xx |||||||||||||| ||spa||
082
_a
869/B41
100
_a
Bellini, Giuseppe
245
0
_a
La Letteratura Ispano-Americana:
264
_b
Sansoni
942
_c
LIB
999
_c
15830
_d
15830